000 01056nam a2200313 a 4500
001
003 DO-SdBNP
005 20210825101244.0
008 090929s2002 dr a 000 0 spa d
020 _a9993420409
040 _aDO-SdBNP
_bspa
_cBPMSU
041 1 7 _aspa
_afre
_2eng
082 _aRD861.42
_bM671c 2002
_222
100 1 _aMir, Pedro,
_d1913-2000
245 1 3 _aLa cuna cerrada :
_bcartas a un bebé /
_cPedro Mir ; cuidado de edición Noris Céspedes.
260 _aSanto Domingo :
_bEditora Nacional,
_c2002.
300 _a75 p. :
_bil. ;
_c22 cm.
490 0 _aBiblioteca esencial ;
_aTestimonio
500 _aIncluye datos biográficos del autor en las solapas.
500 _aIncluye referencias bibliográficas y notas al pie de las páginas.
500 _aTexto en español, inglés y francés.
590 _aInventariado, 2019/VM
650 4 _aPoesía dominicana
650 4 _aLiteratura infantil dominicana.
650 4 _aDiarios personales dominicanos
700 1 2 _aCéspedes, Noris,
_eed.
910 _aVMateo V.
942 _2ddc
_cBK
999 _c13684
_d13684